[Event "POL-chT 2nd League"]
[Site "Jastrzebia Gora"]
[Date "2023.09.10"]
[Round "9.52"]
[White "Kalmuk, Krzysztof"]
[Black "Skorupka, Arkadiusz"]
[Result "1-0"]
[WhiteElo "1992"]
[BlackElo "1472"]
[PlyCount "117"]
[EventDate "2023.09.02"]
[EventType "team-swiss"]
[EventRounds "9"]
[EventCountry "POL"]
[SourceTitle "EXT 2024"]
[Source "ChessBase"]
[SourceDate "2023.10.10"]
[SourceVersion "1"]
[SourceVersionDate "2023.10.10"]
[SourceQuality "1"]
[WhiteTeam "Gliwice Politechnika Slaska"]
[BlackTeam "Chrzanow Olimpijczyk"]
[WhiteTeamCountry "POL"]
[BlackTeamCountry "POL"]

1. Nf3 Nf6 2. c4 e6 3. g3 d5 4. Bg2 Be7 5. 0-0 0-0 6. b3 c5 7. cxd5 Nxd5 8. Bb2 Bf6 9. Qc1 Bxb2 10. Qxb2 Nc6 11. Nc3 b6 12. Nxd5 exd5 13. d4 Qf6 14. Rfd1 Ba6 15. e3 Rfe8 16. Rac1 Rad8 17. Rd2 cxd4 18. Nxd4 Ne5 19. Qa3 Bd3 20. f4 Ng4 21. Rxd3 Rxe3 22. b4 Rde8 23. Nf3 Rxd3 24. Qxd3 Qb2 25. Qd2 Qa3 26. Ne5 Nf6 27. Re1 a5 28. Bxd5 Nxd5 29. Qxd5 Rf8 30. Nxf7 h6 31. Ne5+ Kh7 32. Qd3+ Qxd3 33. Nxd3 Rd8 34. Re3 axb4 35. Nxb4 Rd1+ 36. Kf2 Rb1 37. Rb3 Rd1 38. Rb2 Rh1 39. Ke3 Kg6 40. Kd4 Kf5 41. Nd3 Ra1 42. Nf2 h5 43. Rb5+ Kg6 44. Rxb6+ Kh7 45. Rb2 Kg6 46. h4 Kh6 47. Rb6+ Kh7 48. Ra6 Rf1 49. Ne4 Rd1+ 50. Ke5 g6 51. Ra7+ Kh6 52. a4 Rb1 53. a5 Rb5+ 54. Ke6 g5 55. Nxg5 Rc5 56. Rh7+ Kg6 57. f5+ Rxf5 58. Rh6+ Kxh6 59. Kxf5 1-0

[Event "POL-chT 2nd League"]
[Site "Jastrzebia Gora"]
[Date "2023.09.03"]
[Round "2.100"]
[White "Warszawski, Bartosz"]
[Black "Skorupka, Arkadiusz"]
[Result "1-0"]
[WhiteElo "2159"]
[BlackElo "1472"]
[PlyCount "63"]
[EventDate "2023.09.02"]
[EventType "team-swiss"]
[EventRounds "9"]
[EventCountry "POL"]
[SourceTitle "EXT 2024"]
[Source "ChessBase"]
[SourceDate "2023.10.10"]
[SourceVersion "1"]
[SourceVersionDate "2023.10.10"]
[SourceQuality "1"]
[WhiteTeam "Warszawa YMCA"]
[BlackTeam "Chrzanow Olimpijczyk"]
[WhiteTeamCountry "POL"]
[BlackTeamCountry "POL"]

1. e4 c5 2. Nf3 Nc6 3. Nc3 e6 4. d4 cxd4 5. Nxd4 Nf6 6. Ndb5 d6 7. Bf4 e5 8. Bg5 a6 9. Na3 b5 10. Nd5 Be7 11. Bxf6 Bxf6 12. c3 Bg5 13. Nc2 0-0 14. a4 bxa4 15. Rxa4 Ne7 16. Bc4 Bb7 17. 0-0 Nxd5 18. Bxd5 Qd7 19. Qa1 Bxd5 20. exd5 Qb5 21. Ra5 Qb7 22. Nb4 Bd8 23. Rxa6 Bb6 24. Qa4 Bc5 25. Qc6 Qxc6 26. dxc6 Bxb4 27. Rxa8 Rxa8 28. cxb4 Kf8 29. b5 Ke7 30. b6 Kd8 31. Rc1 Rc8 32. b7 1-0

[Event "Poronin op"]
[Site "Poronin"]
[Date "2023.01.10"]
[Round "7"]
[White "Skorupka, Arkadiusz"]
[Black "Suska, Szymon"]
[Result "0-1"]
[WhiteElo "1413"]
[BlackElo "1819"]
[PlyCount "66"]
[EventDate "2023.01.06"]
[EventType "swiss"]
[EventRounds "9"]
[EventCountry "POL"]
[SourceTitle "CBM 212 Extra"]
[Source "ChessBase"]
[SourceDate "2023.03.31"]
[SourceVersion "1"]
[SourceVersionDate "2023.03.31"]
[SourceQuality "1"]

1. d4 Nf6 2. c4 e6 3. g3 Bb4+ 4. Bd2 Be7 5. Bg2 d5 6. Nf3 0-0 7. 0-0 c6 8. Qc2 Nbd7 9. Nc3 a5 10. b3 Nb6 11. c5 Nbd7 12. Na4 Ne4 13. Nc3 f5 14. h4 h6 15. Qc1 Nxc3 16. Qxc3 Nf6 17. Ne5 Qe8 18. Qc1 Kh7 19. Qc2 Nd7 20. Nxd7 Bxd7 21. f3 Bf6 22. Bc3 e5 23. dxe5 Bxe5 24. Bxe5 Qxe5 25. Kh2 Rae8 26. Rae1 Kh8 27. Qd2 f4 28. gxf4 Rxf4 29. Kg1 Rxh4 30. Qxa5 Qh2+ 31. Kf2 Bh3 32. Rg1 Rh5 33. Qc7 Qxc7 0-1

[Event "Krakow Malopolski Cup"]
[Site "Krakow"]
[Date "2022.08.09"]
[Round "9"]
[White "Skorupka, Arkadiusz"]
[Black "Ryszka, Maciej"]
[Result "1/2-1/2"]
[WhiteElo "1476"]
[BlackElo "1196"]
[PlyCount "80"]
[EventDate "2022.08.04"]
[EventType "swiss"]
[EventRounds "9"]
[EventCountry "POL"]
[SourceTitle "CBM 209 Extra"]
[Source "ChessBase"]
[SourceDate "2022.09.30"]
[SourceVersion "1"]
[SourceVersionDate "2022.09.30"]
[SourceQuality "1"]

1. d4 Nf6 2. c4 g6 3. g3 d5 4. Bg2 c6 5. Nc3 Bg7 6. Nf3 0-0 7. 0-0 Nbd7 8. Bf4 dxc4 9. Ne5 Nb6 10. a4 a5 11. e3 Be6 12. Qe2 Nfd5 13. Nb1 Nxf4 14. gxf4 Qc7 15. Nd2 Bd5 16. Nexc4 Bxg2 17. Kxg2 c5 18. Nxb6 Qxb6 19. dxc5 Qxc5 20. Rac1 Qd6 21. Nc4 Qb4 22. Rfd1 Rfd8 23. Qc2 Rxd1 24. Rxd1 Rc8 25. b3 h6 26. Rd7 Bc3 27. Qd1 Kg7 28. Rd5 Rc5 29. Rd8 Rh5 30. Rc8 Rh4 31. Qd8 Kf6 32. Nb6 Qe4+ 33. Kf1 Qb1+ 34. Ke2 Qc2+ 35. Kf3 Rh3+ 36. Kg2 Qe4+ 37. Kg1 Qb1+ 38. Kg2 Qe4+ 39. Kg1 Qb1+ 40. Kg2 Qe4+ 1/2-1/2

[Event "Krakow Malopolski Cup"]
[Site "Krakow"]
[Date "2022.08.04"]
[Round "1"]
[White "Skorupka, Arkadiusz"]
[Black "Szafranski, Wojciech Jr"]
[Result "1-0"]
[WhiteElo "1476"]
[BlackElo "1209"]
[PlyCount "55"]
[EventDate "2022.08.04"]
[EventType "swiss"]
[EventRounds "9"]
[EventCountry "POL"]
[SourceTitle "CBM 209 Extra"]
[Source "ChessBase"]
[SourceDate "2022.09.30"]
[SourceVersion "1"]
[SourceVersionDate "2022.09.30"]
[SourceQuality "1"]

1. d4 Nf6 2. c4 e5 3. dxe5 Ng4 4. e4 Nxe5 5. f4 Nec6 6. Be3 Bb4+ 7. Nd2 Qe7 8. Bd3 d6 9. Ngf3 Na6 10. 0-0 Bxd2 11. Qxd2 Nc5 12. Bxc5 dxc5 13. e5 Bg4 14. Be4 Bxf3 15. Bxf3 Qe6 16. Bd5 Qh6 17. Rad1 0-0-0 18. Qf2 Nd4 19. b4 b6 20. bxc5 bxc5 21. Rb1 Kd7 22. f5 f6 23. Be6+ Nxe6 24. fxe6+ Kxe6 25. Qf5+ Kf7 26. e6+ Ke8 27. Qxc5 Qd2 28. Qc6+ 1-0

[Event "Krakow Winter op-B"]
[Site "Krakow"]
[Date "2022.01.17"]
[Round "5"]
[White "Nowak, Emilia"]
[Black "Skorupka, Arkadiusz"]
[Result "1-0"]
[WhiteElo "1199"]
[BlackElo "1134"]
[PlyCount "63"]
[EventDate "2022.01.15"]
[EventType "swiss"]
[EventRounds "9"]
[EventCountry "POL"]
[SourceTitle "CBM 206 Extra"]
[Source "ChessBase"]
[SourceDate "2022.03.31"]
[SourceVersion "1"]
[SourceVersionDate "2022.03.31"]
[SourceQuality "1"]

1. e4 e5 2. Nf3 Nc6 3. Bb5 Nf6 4. 0-0 Nxe4 5. Re1 Nd6 6. Bxc6 dxc6 7. Nxe5 Be7 8. b3 Be6 9. Bb2 f6 10. Nxc6 bxc6 11. Rxe6 Qd7 12. Re1 h5 13. Qf3 h4 14. h3 0-0-0 15. d3 Rhg8 16. Nd2 f5 17. a4 a5 18. b4 Nb7 19. bxa5 Nxa5 20. Qe3 Bb4 21. c3 Bf8 22. Qa7 Qd5 23. Qa6+ Kd7 24. c4 Qc5 25. Bc3 Nb7 26. Qxb7 Bd6 27. Qb2 g5 28. d4 Qa7 29. c5 Bf4 30. Qb3 Rg6 31. Qf7+ Kc8 32. Qxg6 1-0